000
00279nam a22001217a 4500
999
_c
12689
_d
12689
020
_a
9780525568971
082
_a
378
100
_a
The Princeton Review
245
_a
SAT Subject Test Literature Prep
250
_a
17th
260
_a
USA
_b
Penguin Random House
_c
2019
942
_c
BK